000 00662nam a2200217 4500
003 OSt
005 20240709025551.0
006 a
008 240709b |||||||| |||| 00| 0 eng d
020 _a0071151559
040 _aDWCL-Main lib.
_cOC
082 _2Fourth edition
_aCirc. 621.31042 C466e 2005
100 _aChapman, Stephen J.
245 _aElectric machinery fundamentals /
250 _aFourth edition
260 _aBoston :
_bMcGraw-Hill,
_cc2005.
300 _axxii,
_b746 p. : ill. ;
_c22 cm.
504 _aIncludes bibliographical references and index.
650 _a1. Electric machinery.
942 _2ddc
_n0
_cBK-CIRC
_eFourth edition
_kCirc.
999 _c2132
_d2132